Pokemon Quiz - Statistics

General Stats
  • This quiz has been taken 32 times
  • The average score is 11 of 16
Answer Stats
Hint Answer % Correct
This non-legendary pokemon has two Mega-Evolutions. (Pokemon) Charizard
90%
Pokemon with this type are immune to prankster moves. (Type) Dark
85%
Only pokemon to learn first impression by level up (Pokemon) Golisopod
85%
This pokemon can have Arena Trap as its ability (apart from Digda/Digdri) (Pokemon) Trapinch
85%
If a pokemon with this ability is hit by a critical hit, its attack is raised by 12 stages (ability) Anger Point
80%
Xerneas is the only pokemon to learn this move. (Move) Geomancy
80%
This non legendary pokemon has the highest speed stat (Pokemon) Ninjask
80%
The Fletchling evolution are the only pokemon with this ability (ability) Gale Wings
75%
This move posses the highest power in the game (Move) Explosion
65%
Maximum amount of Evs one pokemon can gain. (Training) 510
55%
This nature increases Speed and reduces Sp.Atk. (Training) Jolly
55%
The only pokemon to be banned from Gen7 Uber (Smogon) (Pokemon) Mega Rayquaza
55%
The name of the default fire Z-move. (Move) Inferno Overdrive
50%
This move raises Sp.Atk, Sp.Def and Speed by one stage (Move) Quiver Dance
50%
This berry reduces the damage taken by supereffective ground moves (Item) Shuca Berry
50%
This item increases special attacks by 10% (Item) Wise Glasses
45%
No matching quizzes found
Score Distribution
Percent of People with Each Score
Percentile by Number Answered
Your Score History
You have not taken this quiz